• 首页
  • 本馆介绍
  • 公告通知
  • 最新文献
  • 馆藏检索
  • 电子资源
  • 读者导购
  • 参考咨询
  • 我的图书馆
  • 登录
  • 详细信息显示
  • 放入我的书架
  • 预约/预借图书
  • 作者相关作品
  • 分类相关作品
  • 丛书相关作品
  • 出版社相关作品

书目信息

  • 表格格式
  • 工作单格式
  • 卡片格式
题名:
MIDI音乐制作与编曲
    
 
作者: 庄曜 , 章崇彬 著
分册:  
出版信息: 上海   上海音乐学院出版社  2016.09
页数: 290页
开本: 26cm
丛书名:
单 册:
中图分类: J619.1-39
科图分类:
主题词: 计算机应用--音乐制作--研究
电子资源:
ISBN: 978-7-5566-0129-5
000 01277nam0 2200313 450
001 0120162037464
005 20170502101346.79
010    @a978-7-5566-0129-5@dCNY65.00(含光盘)
100    @a20161027d2016 em y0chiy50 ea
101 0  @achi
102    @aCN@b110000
105    @aak z 000yy
106    @ar
200 1  @aMIDI音乐制作与编曲@9MIDI yin yue zhi zuo yu bian qu@f庄曜,章崇彬著
210    @a上海@c上海音乐学院出版社@d2016.09
215    @a290页@c图@d26cm@e1光盘
300    @a青蓝工程资助 项目名称:数字声音艺术应用研究
307    @a附光盘:ISBN 978-7-88878-072-9 ISRC CN-R46-16-00216 ISRC CN-R46-16-00217
312    @a封面英文题名:The midi music production & arranging
314    @a封面题:庄曜,章崇彬编著
330    @a本书共有十个章节组成。其中第一章和第二章主要讲解计算机音乐软件的基本编辑基础;第二章至第六章主要讲解计算机音乐软件环境下如何对不同乐器及音色进行艺术化制作的技巧;第七章至第十章主要讲如何将不同的乐器和音色组织起来进行编配的技巧。
333    @a音乐爱好者
510 1  @aMidi music production & arranging@zeng
606 0  @a计算机应用@x音乐制作@x研究
690    @aJ619.1-39@v5
701  0 @a庄曜@9zhuang yao@4著
701  0 @a章崇彬@9zhang chong bin@4著
801  0 @aCN@b人天书店@c20161027
905    @b989928-31@dJ619.1-39@e780@f4
    
    MIDI音乐制作与编曲/庄曜,章崇彬著.-上海:上海音乐学院出版社,2016.09
    290页:图;26cm+1光盘
    青蓝工程资助 项目名称:数字声音艺术应用研究.-使用对象:音乐爱好者
    
    ISBN 978-7-5566-0129-5:CNY65.00(含光盘)
    本书共有十个章节组成。其中第一章和第二章主要讲解计算机音乐软件的基本编辑基础;第二章至第六章主要讲解计算机音乐软件环境下如何对不同乐器及音色进行艺术化制作的技巧;第七章至第十章主要讲如何将不同的乐器和音色组织起来进行编配的技巧。
●
相关链接 在E读中查询图书 在五车中查询图书 在当当中查询图书 在豆瓣中查询图书


正题名:MIDI音乐制作与编曲     索取号:J619.1-39/780         预约/预借

序号 登录号 条形码 馆藏地/架位号 状态 备注
1 0967285   209672852   第一借阅区/ [索取号:J619.1-39/780] 在馆    
2 0967286   209672861   第一借阅区/ [索取号:J619.1-39/780] 在馆    
3 0967287   209672870   第一借阅区/ [索取号:J619.1-39/780] 在馆    
4 0967288   209672889   第一借阅区/ [索取号:J619.1-39/780] 在馆    
5 989928   209899289   第一样本阅览室/ [索取号:J619.1-39/780] 在馆    
6 989929   209899298   第一借阅区/ [索取号:J619.1-39/780] 在馆    
7 989930   209899305   第一借阅区/ [索取号:J619.1-39/780] 在馆    
8 989931   209899314   音乐系资料室/ [索取号:J619.1-39/780] 在馆    
唐山师范学院图书馆 欢迎您!
大连网信软件有限公司© 版权所有